35-山口県の市町村クイズ(1999年) - Statistics

General Stats
  • This quiz has been taken 173 times
  • The average score is 36 of 56
Answers on the Map
Answers color-coded by a green-red scale on the quiz's map according to % correct below.
 
Answer Stats
Answer % Correct
下関しものせき
90%
山口やまぐち
88%
岩国いわくに
87%
宇部うべ
87%
美祢みね
87%
阿武あぶちょう
85%
和木わきちょう
85%
小野田おのだ
84%
はぎ
84%
長門ながと
82%
柳井やない
82%
下松くだまつ
81%
ひかり
81%
防府ほうふ
81%
上関かみのせきちょう
79%
新南陽しんなんよう
79%
徳山とくやま
78%
小郡おごおりちょう
76%
平生ひらおちょう
73%
阿知須あじすちょう
72%
田布施たぶせちょう
72%
秋穂あいおちょう
66%
熊毛くまげちょう
66%
山陽さんようちょう
66%
徳地とくぢちょう
66%
豊浦とようらちょう
66%
にしきちょう
66%
阿東あとうちょう
64%
豊北ほうほくちょう
64%
美東みとうちょう
64%
秋芳しゅうほうちょう
63%
周東しゅうとうちょう
61%
豊田とよたちょう
61%
由宇ゆうちょう
61%
大島おおしまちょう
60%
玖珂くがちょう
57%
須佐すさちょう
57%
三隅みすみちょう
55%
油谷ゆやちょう
55%
むつみそん
52%
大畠おおばたけちょう
51%
鹿野かのちょう
51%
たちばなちょう
51%
本郷ほんごうそん
51%
くすのきちょう
49%
日置へきちょう
49%
あさひそん
48%
菊川きくがわちょう
48%
東和とうわちょう
45%
川上かわかみそん
43%
福栄ふくえそん
43%
大和やまとちょう
43%
田万川たまがわちょう
42%
美川みかわちょう
40%
美和みわちょう
37%
久賀くかちょう
33%
No matching quizzes found
Score Distribution
Percent of People with Each Score
Percentile by Number Answered
Your Score History
You have not taken this quiz